000
00314nam a22001337a 4500
005
20160315084852.0
008
101025s2011 nyua 001 0 eng
020
_a
9780071748018
020
_a
0071748016
041
_a
eng
080
_a
004.42
245
1
0
_a
Web design demystified /
_c
Wendy Willard.
942
_2
udc
_c
BK
999
_c
429
_d
429